5HLuxD.jpg

KING HENRY VIII SENIOR AND PRIMARY SCHOOL LIBRARY OPAC

Betty & Veronica : (Record no. 5921)

000 -LEADER
fixed length control field 02324cam a2200529 i 4500
001 - CONTROL NUMBER
control field 21865700
003 - CONTROL NUMBER IDENTIFIER
control field OSt
005 - DATE AND TIME OF LATEST TRANSACTION
control field 20251128101244.0
008 - FIXED-LENGTH DATA ELEMENTS--GENERAL INFORMATION
fixed length control field 210111s2019 nyua d 6 000 1 eng d
010 ## - LIBRARY OF CONGRESS CONTROL NUMBER
LC control number 2020455006
020 ## - INTERNATIONAL STANDARD BOOK NUMBER
International Standard Book Number 9781682557914
Qualifying information (paperback)
035 ## - SYSTEM CONTROL NUMBER
System control number 21865700
035 ## - SYSTEM CONTROL NUMBER
System control number (OCoLC)1123089306
040 ## - CATALOGING SOURCE
Original cataloging agency QQ3
Language of cataloging eng
Transcribing agency QQ3
Description conventions rda
Modifying agency OCLCO
-- IUO
-- NZAUC
-- JRZ
-- OCLCF
-- OQX
-- DLC
-- KH8
042 ## - AUTHENTICATION CODE
Authentication code lccopycat
082 ## - DEWEY DECIMAL CLASSIFICATION NUMBER
Classification number FIC ROT
100 1# - MAIN ENTRY--PERSONAL NAME
Personal name Rotante, Jamie Lee,
Relator term author.
245 10 - TITLE STATEMENT
Title Betty & Veronica :
Remainder of title senior year /
Statement of responsibility, etc. story by Jamie Lee Rotante ; art by Sandra Lanz ; lettering by Jack Morelli ; colors by Kelly Fitzpatrick.
246 30 - VARYING FORM OF TITLE
Title proper/short title Senior year
246 3# - VARYING FORM OF TITLE
Title proper/short title Betty and Veronica
264 #1 - PRODUCTION, PUBLICATION, DISTRIBUTION, MANUFACTURE, AND COPYRIGHT NOTICE
Place of production, publication, distribution, manufacture [Pelham, New York] :
Name of producer, publisher, distributor, manufacturer Archie Comics Publications,
Date of production, publication, distribution, manufacture, or copyright notice [2019]
300 ## - PHYSICAL DESCRIPTION
Extent 144 pages :
Other physical details chiefly color illustrations ;
Dimensions 23 cm.
336 ## - CONTENT TYPE
Content type term text
Source rdacontent
336 ## - CONTENT TYPE
Content type term still image
Source rdacontent
337 ## - MEDIA TYPE
Media type term unmediated
Source rdamedia
338 ## - CARRIER TYPE
Carrier type term volume
Source rdacarrier
500 ## - GENERAL NOTE
General note "Archie characters created by John L. Goldwater; the likenesses of the original Archie characters were created by Bob Montana. Sabrina the Teenage Witch originally conceived by George Gladir and drawn by Dan DeCarlo"--Indicia.
520 ## - SUMMARY, ETC.
Summary, etc. "Betty Cooper and Veronica Lodge are best friends, but their last year of high school threatens to challenge them in more ways than they could have ever expected."--
Assigning source Provided by publisher
521 ## - TARGET AUDIENCE NOTE
Target audience note Rated: Teen.
588 ## - SOURCE OF DESCRIPTION NOTE
Source of description note Volume number taken from spine.
600 17 - SUBJECT ADDED ENTRY--PERSONAL NAME
Personal name Cooper, Betty
Titles and other words associated with a name (Fictitious character)
Source of heading or term fast
Authority record control number or standard number (OCoLC)fst01893351
600 17 - SUBJECT ADDED ENTRY--PERSONAL NAME
Personal name Lodge, Veronica
Titles and other words associated with a name (Fictitious character)
Source of heading or term fast
Authority record control number or standard number (OCoLC)fst01894393
650 #7 - SUBJECT ADDED ENTRY--TOPICAL TERM
Topical term or geographic name entry element Female friendship.
Source of heading or term fast
Authority record control number or standard number (OCoLC)fst00922609
650 #7 - SUBJECT ADDED ENTRY--TOPICAL TERM
Topical term or geographic name entry element High school students.
Source of heading or term fast
650 #7 - SUBJECT ADDED ENTRY--TOPICAL TERM
Topical term or geographic name entry element Teenage girls.
Source of heading or term fast
655 #0 - INDEX TERM--GENRE/FORM
Genre/form data or focus term Graphic novels.
655 #7 - INDEX TERM--GENRE/FORM
Genre/form data or focus term Comics (Graphic works)
Source of term fast
Authority record control number or standard number (OCoLC)fst01921613
655 #7 - INDEX TERM--GENRE/FORM
Genre/form data or focus term Coming-of-age comics.
Source of term fast
Authority record control number or standard number (OCoLC)fst01985352
655 #7 - INDEX TERM--GENRE/FORM
Genre/form data or focus term Graphic novels.
Source of term fast
Authority record control number or standard number (OCoLC)fst01726630
655 #7 - INDEX TERM--GENRE/FORM
Genre/form data or focus term Graphic novels.
Source of term lcgft
655 #7 - INDEX TERM--GENRE/FORM
Genre/form data or focus term Coming-of-age comics.
Source of term lcgft
655 #7 - INDEX TERM--GENRE/FORM
Genre/form data or focus term Comics (Graphic works)
Source of term lcgft
700 1# - ADDED ENTRY--PERSONAL NAME
Personal name Lanz, Sandra,
Relator term artist.
700 1# - ADDED ENTRY--PERSONAL NAME
Personal name Morelli, Jack,
Relator term letterer.
700 1# - ADDED ENTRY--PERSONAL NAME
Personal name Fitzpatrick, Kelly,
Dates associated with a name 1988-
Relator term colourist.
942 ## - ADDED ENTRY ELEMENTS (KOHA)
Source of classification or shelving scheme
Koha item type Graphic Novel
Holdings
Withdrawn status Lost status Source of classification or shelving scheme Damaged status Not for loan Collection code Permanent Location Current Location Shelving location Date acquired Full call number Barcode Date last seen Price effective from Koha item type
          Fiction KH8 Senior School Library KH8 Senior School Library Graphic Novel 2025-11-28 FIC ROT 3KHSL000102563 2025-11-28 2025-11-28 Graphic Novel

Powered By KH8 IT Dept